| 000 | 00699cam a2200145ua 4500 | ||
|---|---|---|---|
| 041 |
_aeng _h |
||
| 082 |
_a691.004 _bIND/RE |
||
| 110 | 1 |
_aIndian Standards Institution . _b _c() |
|
| 245 |
_aRecommendations on stacking and storage of constitution materials of site, IS 4082-1977 / _cIndian Standards Institution. _hTextual Documents |
||
| 260 |
_aNew Delhi : _bIndian Standards Institution , _c1986. |
||
| 300 | _a13 ; . | ||
| 504 | _a | ||
| 942 | _cBK | ||
| 999 |
_c9732 _d9732 |
||